مكتبة جامعة عجلون الوطنية

فهرس بحث المكتبة

اثر البنية التحتية الرقمية على اداء العاملين في المؤسسة العامة للضمان الاجتماعي في ضل جائحة كورونا في الاردن = The Impact of Digital Infrastructure on the Employees Performance in Social Security Corporation in Light of the Corona Pandemic in Jordan / (Record no. 31823)

MARC details
000 -LEADER
fixed length control field 01402nam a2200253Ii 4500
003 - CONTROL NUMBER IDENTIFIER
control field JO-AjNU
005 - DATE AND TIME OF LATEST TRANSACTION
control field 20240625133052.0
008 - FIXED-LENGTH DATA ELEMENTS--GENERAL INFORMATION
fixed length control field 230605s9999||||xx |||||||||||||| ||und||
040 ## - CATALOGING SOURCE
Original cataloging agency JO-AjNU
Language of cataloging ara
Description conventions rda
Transcribing agency JO-AjNU
041 ## - LANGUAGE CODE
Language code of text/sound track or separate title ara
050 14 - LIBRARY OF CONGRESS CALL NUMBER
Classification number HD58.95.2022
100 #1 - MAIN ENTRY--PERSONAL NAME
Personal name الخرابشة ، صفاء نعيم محمد
Relator term معد
9 (RLIN) 65667
245 00 - TITLE STATEMENT
Title اثر البنية التحتية الرقمية على اداء العاملين في المؤسسة العامة للضمان الاجتماعي في ضل جائحة كورونا في الاردن = The Impact of Digital Infrastructure on the Employees Performance in Social Security Corporation in Light of the Corona Pandemic in Jordan /
Statement of responsibility, etc. اعداد صفاء نعيم محمد الخرابشة ؛ إشراف محمود علي الروسان ؛ خالد محمد ذيابات
260 ## - PUBLICATION, DISTRIBUTION, ETC.
Date of publication, distribution, etc. 2022
300 ## - PHYSICAL DESCRIPTION
Extent 115ورقة
336 ## - CONTENT TYPE
Content type term text
Content type code txt
Source rdacontent
337 ## - MEDIA TYPE
Media type term unmediated
Media type code n
Source rdamedia
338 ## - CARRIER TYPE
Carrier type term volume
Carrier type code nc
Source rdacarrier
500 ## - GENERAL NOTE
General note رسالة جامعية(اطروحة ماجستير) تخصص ادارة الاعمال/كلية ادارة الاعمال، جامعة عجلون الوطنية، 2022
650 #4 - SUBJECT ADDED ENTRY--TOPICAL TERM
Topical term or geographic name entry element اداء العاملين-مؤسسة الضمان
9 (RLIN) 62402
700 #1 - ADDED ENTRY--PERSONAL NAME
Personal name الروسان، محمود علي
Relator term مشرف
9 (RLIN) 65363
700 #1 - ADDED ENTRY--PERSONAL NAME
Personal name الذيابات، خالد محمد
9 (RLIN) 65563
942 ## - ADDED ENTRY ELEMENTS (KOHA)
Source of classification or shelving scheme Library of Congress Classification
Koha item type Thesis
Holdings
Withdrawn status Lost status Source of classification or shelving scheme Damaged status Not for loan Home library Current library Shelving location Date acquired Total Checkouts Full call number Barcode Date last seen Price effective from Koha item type
    Library of Congress Classification     مكتبة جامعة عجلون الوطنية مكتبة جامعة عجلون الوطنية المراجع 25/06/2024   HD58.95.2022 A28255 06/06/2023 25/06/2024 Thesis
    Library of Congress Classification     مكتبة جامعة عجلون الوطنية مكتبة جامعة عجلون الوطنية المراجع 25/06/2024   HD58.95.2022 a28254 25/06/2024 25/06/2024 Thesis